000 00330nam a2200133Ia 4500
008 100415s9999 xx 000 0 und d
082 _b12292
_a500
245 _aHidden Worlds
260 _aWASHINGTON
_c1981
_bNATIONAL GEOGRAPHIC SOCIETY
365 _b200
630 _aHidden Worlds
730 _aHidden Worlds
942 _cBOOK
999 _c595209
_d595206